00341nam a2200109Ia 4500008004100000082001500041245004100056300001100097942000700108999001900115952009700134230907s9999||||xx |||||||||||||| ||und|| a530.8bSIM 0aDimensional analysis for engineers / a134 p. cBK c598413d598413 00104070aCAS-EbCAS-Ed2019-07-18l0o530.8 SIMpCAS-E0002512r2023-09-12w2023-09-12yBK